| 000 | 00395 a2200145 4500 | ||
|---|---|---|---|
| 001 | 168229 | ||
| 020 | _a | ||
| 040 | _cMagnum | ||
| 100 | _aMcardle, William D. | ||
| 240 | 1 | 0 |
_aFisiologia do exercicio: energia, nutricao e desempenho humano _lpor |
| 245 | 1 | 0 | _aFisiologia do exercicio: energia, nutricao e desempenho humano |
| 362 | 0 | _a1899 | |
| 697 | _aCIENCIAS MEDICAS SAUDE | ||
| 942 | _cBK | ||
| 999 |
_c168229 _d168229 |
||